000 00506nam a2200181Ia 4500
005 20250423094441.0
008 250422s9999 xx 000 0 und d
020 _a0761922792
050 _aQA 278.2 .F628/
100 _aFox, John,
245 3 _aAn R and S-Plus companion to applied regression
260 _aThousand Oaks
260 _bSage Publications
260 _cc2002
300 _a312 p
650 _aRegression analysis_Data processing. S-Plus. R (Computer program language)
942 _cBK
999 _c27276
_d27276